| 000 | 00560nam a22002177a 4500 | ||
|---|---|---|---|
| 001 | 76929 | ||
| 003 | BD-RjUL | ||
| 005 | 20211209082915.0 | ||
| 008 | 200206t19541932e a|||| |||| 001 0 eng d | ||
| 035 | _a(BD-RjUL) | ||
| 040 |
_aBD-RjUL _beng _cBD-RjUL |
||
| 041 | _aeng | ||
| 082 |
_223 _a792.01 _bSHO 1954 |
||
| 100 |
_aShaw, Bernerd _9238944 |
||
| 245 |
_aOur theatres in the nineties / _cby Bernard Shaw |
||
| 260 |
_aLondon : _bConstable and co. , _c1954 |
||
| 300 |
_aV. ; _c22 cm |
||
| 505 | _aVol, 3.-- | ||
| 650 |
_aHunting _9238945 |
||
| 942 |
_2ddc _cBK |
||
| 999 |
_c76929 _d76929 |
||